Systém pre detskú stavebnicu

Enregistré dans:
Détails bibliographiques
Auteur principal: Hlaváč, Patrik, 1991- (Auteur)
Autres auteurs: Trebatický, Peter, 1980- (Directeur de thèse)
Format: Manuscrit Livre
Langue:slovaque
Publié: Bratislava : STU v Bratislave FIIT, 2013
Sujets:
Accès en ligne:VAIS
Tags: Ajouter un tag
Pas de tags, Soyez le premier à ajouter un tag!

MARC

LEADER 00000ntm a22000003a 4500
001 stu275762
005 20170601125110.9
008 131005s2013----xo------------------slo-d
040 |a STU  |b slo 
041 0 |a slo 
044 |a xo 
100 1 |a Hlaváč, Patrik,  |d 1991-  |4 aut  |u I200  |U FIIT Fakulta informatiky a informačných technológií  |T FIIT Ústav informatiky a softvérového inžinierstva  |X 5659  |U I200  |Y 179  |7 5659 
242 0 0 |a System for children’s box of brick  |y eng 
245 1 |a Systém pre detskú stavebnicu 
260 |a Bratislava :  |b STU v Bratislave FIIT,  |c 2013 
300 |a 40 s  |c príl. 
650 7 |a informatika  |2 stusub 
650 7 |a Informatics  |2 estusub 
650 7 |a JavaScript  |2 estusub 
650 7 |a JavaScript  |2 stusub 
650 7 |a MySQL  |2 stusub 
650 7 |a JavaScript  |2 estusub 
650 7 |a JavaScript  |2 stusub 
650 7 |a Ajax  |2 stusub 
700 1 |a Trebatický, Peter,  |d 1980-  |4 ths  |u I300  |U FIIT Fakulta informatiky a informačných technológií  |T FIIT Ústav aplikovanej informatiky  |X 10202  |U I300  |Y 180  |7 10202 
856 4 |a info a plný text  |u http://is.stuba.sk/zp/portal_zp.pl?podrobnosti=77661  |3 VAIS 
996 |b IBAP96/13  |c I*BAP96/13  |l II680  |s A  |a 24  |w stu275762_0001